Le plus peuplé en un contre un - Mort subite #3 - Statistiques

Statistiques générales
  • Ce quiz a été pris 269 fois
  • Le résultat moyen est 2 sur 20
Answers on the Grid
Answers color-coded by a green-red scale on the quiz's grid according to % correct below.
Etats-Unis
Indonésie
République Démocratique du Congo
Mexique
Ethiopie
Egypte
Vietnam
Philippines
Tanzanie
France
Nigéria
Brésil
Espagne
Argentine
Arabie Saoudite
Yemen
Australie
Canada
Sri Lanka
Kazahhstan
Tunisie
Pays-Bas
Grèce
Hongrie
Papouasie-Nouvelle-Guinée
Suisse
Congo
République Tchèque
Pakistan
Bangladesh
Guatemala
Irlande
Turquie
Japon
Roumanie
Maroc
Kenya
Venezuela
Mongolie
Angola
 
Statistiques - réponses
Réponse % Correct
Etats-Unis
98%
Mexique
53%
Ethiopie
26%
Philippines
20%
Tanzanie
10%
Nigéria
7%
Angola
4%
Canada
3%
Espagne
3%
Japon
2%
Kenya
2%
Pakistan
2%
Pays-Bas
2%
Grèce
1%
Maroc
1%
Guatemala
0%
Papouasie-Nouvelle-Guinée
0%
République Tchèque
0%
Sri Lanka
0%
Yemen
0%
Aucun quiz correspondant
Distribution des résultats
% des personnes avec chaque résultat
Percentile par nombre de réponses
Votre historique - résultats
Vous n’avez pas pris ce quiz